000 00217nam a2200097Ia 4500
008 120527s9999 xx 000 0 und d
100 _aBRUCE, J
245 _aOnion storage in the tropics
260 _bNRI
942 _cBK
999 _c25128
_d25128